Score 0/38 Timer 06:00
238 Plays Today
Name a country that... Answer % Correct
end in stanPakistan
91.2%
end in stanAfghanistan
89.6%
end in stanKazakhstan
87.1%
begin with KKazakhstan
87.1%
end in stanUzbekistan
85.7%
have a capital city beginning with B (in Asia)China (Beijing)
85.2%
end in stanTurkmenistan
84.4%
have a red and yellow flagChina
82.7%
end in stanTajikistan
76.6%
have a Y somewhere in the middle of their nameKenya
72.1%
begin with KKenya
64.5%
begin with KKiribati
52.3%
have a capital city beginning with B (in Asia)Thailand (Bangkok)
51.7%
begin with KKuwait
50%
contain the consecutive letter RG (includes GR)Greece
49.8%
begin with KKosovo
49.5%
contain the consecutive letter RG (includes GR)Argentina
45.1%
have a Y somewhere in the middle of their nameMyanmar
44.6%
have a Y somewhere in the middle of their nameLibya
44.1%
Name a country that... Answer % Correct
have a Y somewhere in the middle of their nameSyria
43.5%
have a Y somewhere in the middle of their nameMalaysia
42.2%
contain the consecutive letter RG (includes GR)Grenada
41.9%
have a red and yellow flagSpain
40.4%
have a capital city beginning with B (in Asia)Iraq (Baghdad)
38.3%
have a red and yellow flagVietnam
37.8%
have a Y somewhere in the middle of their nameGuyana
37.1%
have a Y somewhere in the middle of their nameEgypt
36.5%
have a capital city beginning with B (in Asia)Azerbaijan (Baku)
33.4%
have a capital city beginning with B (in Asia)Lebanon (Beirut)
33.2%
have a capital city beginning with B (in Asia)Brunei (Bandar Seri Begawan)
32.5%
have a Y somewhere in the middle of their nameCyprus
32.5%
have a Y somewhere in the middle of their nameSeychelles
28.7%
contain the consecutive letter RG (includes GR)Georgia
23.4%
have a red and yellow flagNorth Macedonia
21.9%
contain the consecutive letter RG (includes GR)Luxembourg
20.2%
contain the consecutive letter RG (includes GR)Montenegro
19.8%
contain the consecutive letter RG (includes GR)St Vincent and the Grenadines
16.1%
have a red and yellow flagMontenegro
13.8%
Come Together.
Have Fun.
All Virtual.
We all need to come together. Play Sporcle's virtual live trivia to have fun, connect with people, and get your trivia on. Join a live hosted trivia game for your favorite pub trivia experience done virtually. If a virtual private party is more your thing, go here for details.

You're not logged in!

Compare scores with friends on all Sporcle quizzes.
OR
Log In

Sporcle TV

Today on Sporcle TV


Watch our educational content, quiz creation guides, and fun videos on Sporcle TV.

Show Comments

Extras

Top Quizzes Today


Score Distribution

Paid Content

Your Account Isn't Verified!

In order to create a playlist on Sporcle, you need to verify the email address you used during registration. Go to your Sporcle Settings to finish the process.

Report this User

Report this user for behavior that violates our Community Guidelines.

Details: